Temas de contabilidad superior (Registro nro. 6956)
[ vista simple ]
| 000 -LEADER | |
|---|---|
| fixed length control field | 01474 a2200253 4500 |
| 001 - CONTROL NUMBER | |
| control field | 60387 |
| 005 - DATE AND TIME OF LATEST TRANSACTION | |
| control field | 20260407155854.0 |
| 008 - FIXED-LENGTH DATA ELEMENTS--GENERAL INFORMATION | |
| fixed length control field | 260407a2010 arg spa d |
| 003 - CONTROL NUMBER IDENTIFIER | |
| control field | AR-UNSa-BCEJYS |
| 040 ## - CATALOGING SOURCE | |
| Original cataloging agency | AR-UNSa-BCEJYS |
| Language of cataloging | spa |
| Transcribing agency | AR-UNSa-BCEJYS |
| 080 ## - UNIVERSAL DECIMAL CLASSIFICATION NUMBER | |
| Universal Decimal Classification number | 657 |
| Common auxiliary subdivision | Contabilidad |
| 020 ## - INTERNATIONAL STANDARD BOOK NUMBER | |
| International Standard Book Number | 978-987-03-1765-4 |
| 041 ## - LANGUAGE CODE | |
| Language code of text/sound track or separate title | spa |
| 100 1# - MAIN ENTRY--PERSONAL NAME | |
| Personal name | Slosse, Carlos Alberto |
| 245 10 - TITLE STATEMENT | |
| Title | Temas de contabilidad superior |
| Name of part/section of a work | Análisis doctrinario. Normas locales. Normas Internacionales |
| 264 #1 - PRODUCTION, PUBLICATION, DISTRIBUTION, MANUFACTURE, AND COPYRIGHT NOTICE | |
| Place of production, publication, distribution, manufacture | Buenos Aires : |
| Name of producer, publisher, distributor, manufacturer | La Ley |
| Date of production, publication, distribution, manufacture, or copyright notice | 2010 |
| 300 ## - PHYSICAL DESCRIPTION | |
| Extent | xxiii, 171 p. |
| Dimensions | 24 cm. |
| 505 ## - FORMATTED CONTENTS NOTE | |
| Formatted contents note | 1. Hacia la internacionalización de las Normas Contables Profesionales - 2. Normas contables profesionales en Argentina/ Nuevo escenario – 3. Marco conceptual – 4. Estados Contables en Moneda Homogénea – 5. Inventario (Bienes de Cambio) – 6. Propiedades, planta y equipo (Bienes de Uso) – 7. Deterioro del valor de los Activos – 8. Arrendamientos – 9. Impuesto a las Ganancias – 10. Provisiones, Activos Contingentes y Pasivos Contingentes – 11. Hechos ocurridos después de la fecha del balance – 12. Caso práctico de segmentos operativos – 13. Ganancia por acción – 14. Información a presentar sobre partes relacionadas - <br/><br/> |
| 590 ## - LOCAL NOTE (RLIN) | |
| Local note | niveau_biblio:m niveau_hierar:0 |
| 700 1# - ADDED ENTRY--PERSONAL NAME | |
| Personal name | Gamondés, Santiago F. |
| 700 1# - ADDED ENTRY--PERSONAL NAME | |
| Personal name | Nigro, Jorge O. |
| 856 41 - ELECTRONIC LOCATION AND ACCESS | |
| Uniform Resource Identifier | <a href="http://www.biblioeco.unsa.edu.ar/pmb/images/libros/L129370.jpg">http://www.biblioeco.unsa.edu.ar/pmb/images/libros/L129370.jpg</a> |
| Link text | Imagen de portada |
| Electronic format type | image/jpeg |
| 942 ## - ADDED ENTRY ELEMENTS (KOHA) | |
| Koha item type | |
| Withdrawn status | Lost status | Damaged status | Not for loan | Home library | Current library | Shelving location | Date acquired | Total checkouts | Full call number | Barcode | Date last seen | Price effective from | Koha item type | Public note |
|---|---|---|---|---|---|---|---|---|---|---|---|---|---|---|
| Biblioteca Prof. Eusebio Cleto del Rey | Biblioteca Prof. Eusebio Cleto del Rey | 07/04/2026 | 657 S634 | L129143 | 07/04/2026 | 07/04/2026 | Libro | LÁPIZ - RESALTADOR - HOJAS DOBLADAS - | ||||||
| Biblioteca Prof. Eusebio Cleto del Rey | Biblioteca Prof. Eusebio Cleto del Rey | 07/04/2026 | 657 S634 | L129370 | 07/04/2026 | 07/04/2026 | Libro |